Statistics for All Olympic Hockey Silver Medal Winners (Women)

Click here to take the quiz!

General Stats

  • This quiz has been taken 17 times
  • The average score is 5 of 5

Answer Stats

Year Location Winner % Correct
2014Sochi, RussiaUnited States of America
100%
2010Vancouver, CanadaUnited States of America
100%
2002Salt Lake City, USAUnited States of America
93%
1998Nagano, JapanCanada
93%
2006Turin, ItalySweden
86%

Score Distribution

Percentile by Number Answered

Percent of People with Each Score

Your Score History

You have not taken this quiz